UFL Teams By Emojis - Statistics

General Stats
  • This quiz has been taken 28 times
  • The average score is 7 of 8
Answer Stats
Hint Answer % Correct
🐎🏆🔙2️⃣🔙 Birmingham Stallions
91%
🚿🚢 Memphis Showboats
91%
🤠🩵 Arlington Renegades
87%
🛡️🗽🛡️ DC Defenders
87%
🐈‍⬛ Michigan Panthers
87%
🗡️🐦 St.Luis Battlehawks
87%
🛢️🗼👱↩️ Houston Roughnecks
78%
🐂▶️🎥 San Antonio Brahmas
78%
No matching quizzes found
Score Distribution
Percent of People with Each Score
Percentile by Number Answered
Your Score History
You have not taken this quiz